000
00313 a2200145 4500
001
169096
020
_a
040
_c
Magnum
100
_a
Mange, Marilyn Diggs
240
1
0
_a
Arte brasileira para criancas
_l
por
245
1
0
_a
Arte brasileira para criancas
362
0
_a
1899
697
_a
ARTES
942
_c
BK
999
_c
169096
_d
169096